000 01187nam a2200337 i 4500
003 EG-GICUC
005 20260310130715.0
008 260121s1988 ua |||fr|||| 00| 0 ara d
017 _a5112/88
020 _a9770403989
040 _a EG-GICUC
_bara
_c EG-GICUC
_d EG-GICUC
_erda
041 0 _aAra
082 0 4 _221
_a343.72
_bغ ن . ح
092 0 4 _221
099 _aLaw1 10 343.72 غ ن . ح 1988
100 0 _aغنام محمد غنام
_eمؤلف.
245 1 0 _aحقوق الإنسان فى مرحلة التنفيذ العقابى /
_cتأليف دكتور غنام محمد غنام.
264 1 _aالقاهرة :
_bدار النهضة العربية.
_c1988.
300 _a196 صفحة؛
_c24 سم.
336 _2rda content
_atext
337 _2rda media
_aComputer
338 _2rda carrier
_aOnline Resource
504 _a ببليوجرافيا: صفحات180-190.
546 _aالنص باللغة العربية
650 1 _aتنفيذ العقوبات
_2qrmak
650 1 _aالقانون الجنائى
_2qrmak
651 1 _2qrmak
856 4 0 _uhttps://fll.law.cu.edu.eg/fulltext/bks/B10-07857.pdf
905 _a54
_eYara
942 _2ddc
_cBK
_e21
_n0
999 _c58396
_d58396